[Event "Olympiad-44"]
[Site "Chennai"]
[Date "2022.08.09"]
[Round "11.3"]
[White "Lwebuga, Ronald"]
[Black "Jelic, Dejan"]
[Result "1-0"]
[WhiteElo "1818"]
[BlackElo "1905"]
[PlyCount "115"]
[EventDate "2022.07.29"]
[EventType "team-swiss"]
[EventRounds "11"]
[EventCountry "IND"]
[SourceTitle "CBM 210"]
[Source "ChessBase"]
[SourceDate "2022.10.31"]
[SourceVersion "1"]
[SourceVersionDate "2022.10.31"]
[SourceQuality "1"]
[WhiteTeam "Sierra Leone"]
[BlackTeam "Liechtenstein"]
[WhiteTeamCountry "SIE"]
[BlackTeamCountry "LIE"]

1. d4 Nf6 2. c4 c6 3. Nc3 d6 4. e4 Qa5 5. Bd2 Qc7 6. Nf3 e5 7. Be2 Bg4 8. d5 Nbd7 9. b4 Be7 10. Qc2 0-0 11. 0-0 Rfc8 12. Rfc1 h6 13. h3 Bh5 14. Rab1 Nb6 15. Be3 cxd5 16. Bxb6 axb6 17. cxd5 Nxe4 18. Rb3 Nxc3 19. Rxc3 Qxc3 20. Qxc3 Rxc3 21. Rxc3 Rxa2 22. Rc8+ Bf8 23. Bd3 Ra1+ 24. Kh2 Ra3 25. Ne1 Ra1 26. Nc2 Rd1 27. Be4 Rc1 28. g4 Bg6 29. Bxg6 fxg6 30. Rc4 b5 31. Rc7 Rd1 32. Ne3 Rd4 33. Rxb7 Rxb4 34. Ng2 Rb1 35. Nh4 b4 36. Nxg6 b3 37. Rb8 Kf7 38. Nxf8 b2 39. Nd7 Ke7 40. Rb7 Kd8 41. Nf8 Rd1 42. Rxb2 Rxd5 43. Ne6+ Ke7 44. Nxg7 Kf6 45. Nf5 h5 46. Rb6 Kg5 47. Rxd6 Rxd6 48. Nxd6 hxg4 49. hxg4 Kxg4 50. Kg2 Kf4 51. f3 Kg5 52. Kf2 Kf6 53. Ke3 Ke6 54. Nb5 Kf5 55. Nc3 Kf6 56. Ke4 Ke6 57. Nd1 Kf6 58. Ne3 1-0

[Event "EU Small Countries ol 6th"]
[Site "San Marino"]
[Date "2019.03.30"]
[Round "9.4"]
[White "Florentiades, Michalis"]
[Black "Jelic, Dejan"]
[Result "1/2-1/2"]
[WhiteElo "1994"]
[BlackElo "1908"]
[PlyCount "43"]
[EventDate "2019.03.24"]
[EventType "team-tourn"]
[EventRounds "9"]
[EventCountry "SMR"]
[SourceTitle "CBM 189 Extra"]
[Source "ChessBase"]
[SourceDate "2019.06.03"]
[SourceVersion "1"]
[SourceVersionDate "2019.06.03"]
[SourceQuality "1"]
[WhiteTeam "Cyprus"]
[BlackTeam "Liechtenstein"]
[WhiteTeamCountry "CYP"]
[BlackTeamCountry "LIE"]

1. d4 d5 2. Bf4 Nf6 3. e3 g6 4. Nc3 c6 5. h4 Qb6 6. Qc1 Nbd7 7. Be2 h5 8. Nf3 Bg7 9. Ne5 Nxe5 10. Bxe5 0-0 11. Bd3 Be6 12. 0-0 Ne8 13. Na4 Qd8 14. Bg3 b6 15. c3 Qd7 16. b3 Nd6 17. Nb2 Nf5 18. Bxf5 Bxf5 19. Qd2 Rfe8 20. Nd3 Bxd3 21. Qxd3 e5 22. dxe5 1/2-1/2

[Event "EU Small Countries ol 6th"]
[Site "San Marino"]
[Date "2019.03.28"]
[Round "7.5"]
[White "Dornbusch, Tatiana"]
[Black "Jelic, Dejan"]
[Result "1-0"]
[WhiteElo "2282"]
[BlackElo "1908"]
[PlyCount "85"]
[EventDate "2019.03.24"]
[EventType "team-tourn"]
[EventRounds "9"]
[EventCountry "SMR"]
[SourceTitle "CBM 189 Extra"]
[Source "ChessBase"]
[SourceDate "2019.06.03"]
[SourceVersion "1"]
[SourceVersionDate "2019.06.03"]
[SourceQuality "1"]
[WhiteTeam "Monaco"]
[BlackTeam "Liechtenstein"]
[WhiteTeamCountry "MNC"]
[BlackTeamCountry "LIE"]

1. d4 c5 2. d5 Nf6 3. Nc3 g6 4. e4 d6 5. Bb5+ Bd7 6. a4 Qa5 7. Bd2 a6 8. Bc4 Bg7 9. h3 0-0 10. Nf3 Rc8 11. 0-0 Be8 12. e5 dxe5 13. Nxe5 Nbd7 14. Re1 Nxe5 15. Rxe5 Nd7 16. Rxe7 Qb4 17. Bf1 c4 18. Re3 Qc5 19. g3 b5 20. Bg2 Nf6 21. Re1 b4 22. Be3 Qd6 23. Ne2 Rd8 24. Nf4 g5 25. Nh5 Nxh5 26. Qxh5 f6 27. Qg4 Bf7 28. Rad1 Rac8 29. h4 h6 30. Be4 Rc7 31. a5 Re7 32. Bg2 c3 33. bxc3 bxc3 34. Bb6 Rxe1+ 35. Rxe1 Rd7 36. Rd1 Bg6 37. Be4 h5 38. Qf3 g4 39. Qd3 Bxe4 40. Qxe4 Re7 41. Qd3 Re5 42. Qxc3 Rxd5 43. Qb3 1-0

[Event "EU Small Countries ol 6th"]
[Site "San Marino"]
[Date "2019.03.26"]
[Round "4.2"]
[White "Garcia Paolicchi, Raul"]
[Black "Jelic, Dejan"]
[Result "1-0"]
[WhiteElo "2144"]
[BlackElo "1908"]
[PlyCount "139"]
[EventDate "2019.03.24"]
[EventType "team-tourn"]
[EventRounds "9"]
[EventCountry "SMR"]
[SourceTitle "CBM 189 Extra"]
[Source "ChessBase"]
[SourceDate "2019.06.03"]
[SourceVersion "1"]
[SourceVersionDate "2019.06.03"]
[SourceQuality "1"]
[WhiteTeam "Andorra"]
[BlackTeam "Liechtenstein"]
[WhiteTeamCountry "AND"]
[BlackTeamCountry "LIE"]

1. d4 Nf6 2. c4 e6 3. Nc3 Bb4 4. e3 0-0 5. Nge2 d5 6. a3 Be7 7. cxd5 exd5 8. Nf4 c6 9. Bd3 Nbd7 10. 0-0 Re8 11. f3 Nf8 12. Bc2 Ng6 13. Nxg6 hxg6 14. e4 b6 15. e5 Nh7 16. Be3 Nf8 17. f4 Bf5 18. Bb3 Qc8 19. Rc1 Qa6 20. Qf3 Bd3 21. Rfd1 Bc4 22. Bc2 Qb7 23. Rd2 a5 24. Rf2 c5 25. f5 Bh4 26. g3 cxd4 27. Bxd4 Bg5 28. Rd1 Rad8 29. h4 Bh6 30. g4 gxf5 31. g5 Bxg5 32. hxg5 g6 33. Qh3 Qe7 34. Qh6 Ne6 35. Bxb6 Qxg5+ 36. Qxg5 Nxg5 37. Bxd8 Nh3+ 38. Kg2 Nxf2 39. Kxf2 Rxd8 40. Ke3 Rb8 41. Rb1 f4+ 42. Kd4 f3 43. Bd3 f2 44. Bxc4 dxc4 45. Na4 Rb3 46. Rf1 Rd3+ 47. Kxc4 Rf3 48. Nc3 g5 49. Nd1 Rf4+ 50. Kd5 Rf3 51. Kd4 Rf4+ 52. Kd3 Rf5 53. Rxf2 Rxe5 54. Ne3 Rb5 55. Rf5 Rb3+ 56. Kd4 Rxb2 57. Rxg5+ Kf8 58. Rxa5 Ke8 59. Ra7 f6 60. Nc4 Re2 61. a4 Kd8 62. Rf7 Re6 63. Kd5 Ra6 64. a5 Kc8 65. Kc5 Kb8 66. Nb6 Ra7 67. Rxa7 Kxa7 68. Kd5 Ka6 69. Nc4 Kb5 70. Ke4 1-0

[Event "Olympiad-43"]
[Site "Batumi"]
[Date "2018.10.02"]
[Round "8.4"]
[White "Pieters, David"]
[Black "Jelic, Dejan"]
[Result "0-1"]
[WhiteElo "1831"]
[BlackElo "1890"]
[PlyCount "76"]
[EventDate "2018.09.24"]
[EventType "team-swiss"]
[EventRounds "11"]
[EventCountry "GEO"]
[SourceTitle "CBM 187"]
[Source "ChessBase"]
[SourceDate "2018.12.11"]
[SourceVersion "1"]
[SourceVersionDate "2018.12.11"]
[SourceQuality "1"]
[WhiteTeam "Netherlands Antilles"]
[BlackTeam "Liechtenstein"]
[WhiteTeamCountry "AHO"]
[BlackTeamCountry "LIE"]

1. e4 c5 2. Nc3 d6 3. g3 e5 4. Bg2 Nc6 5. d3 h6 6. Nge2 Nf6 7. 0-0 Be7 8. h3 Bd7 9. Be3 Nd4 10. f4 Qc7 11. Qd2 Bc6 12. Nd5 Bxd5 13. exd5 Nxe2+ 14. Qxe2 0-0 15. fxe5 dxe5 16. Rf2 Rad8 17. c4 Rfe8 18. Raf1 Rd6 19. Rf5 Ra6 20. a3 e4 21. dxe4 Qxg3 22. Bf4 Qg6 23. Kh1 Bd6 24. Bxd6 Rxd6 25. e5 Rb6 26. d6 Rxd6 27. Kh2 Rb6 28. Bd5 Nxd5 29. cxd5 Rb3 30. Qf2 Qb6 31. Re1 Rxb2 32. Re2 Rxe2 33. Qxe2 Qb1 34. Qf2 Qe4 35. Rxf7 Qxe5+ 36. Qf4 Qxf4+ 37. Rxf4 Re5 38. Rc4 Rxd5 0-1

[Event "Olympiad-43"]
[Site "Batumi"]
[Date "2018.09.28"]
[Round "5.81"]
[White "Jelic, Dejan"]
[Black "Prescod, Bryan"]
[Result "1/2-1/2"]
[WhiteElo "1890"]
[BlackElo "2039"]
[PlyCount "103"]
[EventDate "2018.09.24"]
[EventType "team-swiss"]
[EventRounds "11"]
[EventCountry "GEO"]
[SourceTitle "CBM 187"]
[Source "ChessBase"]
[SourceDate "2018.12.11"]
[SourceVersion "1"]
[SourceVersionDate "2018.12.11"]
[SourceQuality "1"]
[WhiteTeam "Liechtenstein"]
[BlackTeam "Barbados"]
[WhiteTeamCountry "LIE"]
[BlackTeamCountry "BAR"]

1. e4 d6 2. Nf3 g6 3. Bc4 Bg7 4. 0-0 Nf6 5. d3 0-0 6. a4 Bg4 7. h3 Bxf3 8. Qxf3 Nc6 9. Qd1 d5 10. exd5 Nxd5 11. Na3 Nb6 12. Bb5 Nd4 13. a5 Nxb5 14. Nxb5 Nd5 15. a6 b6 16. Na3 Nb4 17. Re1 Nxa6 18. Nb5 Nb4 19. Bf4 Nd5 20. Be5 a6 21. Bxg7 Kxg7 22. Nd4 c5 23. Nc6 Qd6 24. Ne5 Rfd8 25. Qf3 f6 26. Nc4 Qc6 27. Ne3 e5 28. Nxd5 Rxd5 29. Kf1 a5 30. b3 Rad8 31. h4 Qd7 32. g3 Rd4 33. Kg2 Qc7 34. Rh1 h5 35. Rhe1 b5 36. Reb1 R8d7 37. Qa8 Qa7 38. Rxa5 Qxa8+ 39. Rxa8 c4 40. bxc4 bxc4 41. Rbb8 cxd3 42. cxd3 Rxd3 43. Rf8 Rf7 44. Rg8+ Kh6 45. Ra6 Rdd7 46. Rh8+ Kg7 47. Raa8 f5 48. Rhg8+ Kh6 49. Ra6 Rg7 50. Rh8+ Rh7 51. Rg8 Rdg7 52. Rf8 1/2-1/2

[Event "Olympiad-42"]
[Site "Baku"]
[Date "2016.09.12"]
[Round "10.4"]
[White "Al Mashikhi, Salim Aliyan"]
[Black "Jelic, Dejan"]
[Result "1-0"]
[WhiteElo "2060"]
[BlackElo "1956"]
[PlyCount "64"]
[EventDate "2016.09.02"]
[EventType "team-swiss"]
[EventRounds "11"]
[EventCountry "AZE"]
[SourceTitle "CBM 175"]
[Source "ChessBase"]
[SourceDate "2016.11.10"]
[SourceVersion "1"]
[SourceVersionDate "2016.11.10"]
[SourceQuality "1"]
[WhiteTeam "Oman"]
[BlackTeam "Liechtenstein"]
[WhiteTeamCountry "OMN"]
[BlackTeamCountry "LIE"]

1. c4 Nf6 2. Nc3 g6 3. g3 Bg7 4. Bg2 0-0 5. Nf3 d6 6. d4 c5 7. d5 e6 8. dxe6 fxe6 9. e4 Nc6 10. 0-0 a6 11. Bf4 e5 12. Bg5 Bg4 13. h3 Be6 14. Nd5 b5 15. b3 bxc4 16. bxc4 Nd4 17. Nd2 Rb8 18. Qa4 h6 19. Nxf6+ Bxf6 20. Bxh6 Rf7 21. Be3 Qc8 22. Bxd4 exd4 23. Rab1 Rxb1 24. Rxb1 Bd7 25. Qc2 Bxh3 26. Bxh3 Qxh3 27. e5 dxe5 28. Qxg6+ Bg7 29. Ne4 Qh6 30. Rb8+ Rf8 31. Nf6+ Kh8 32. Rxf8+ Bxf8 1-0

[Event "Olympiad-42"]
[Site "Baku"]
[Date "2016.09.09"]
[Round "7.4"]
[White "Bazil, Joslin"]
[Black "Jelic, Dejan"]
[Result "1/2-1/2"]
[WhiteElo "1878"]
[BlackElo "1956"]
[PlyCount "63"]
[EventDate "2016.09.02"]
[EventType "team-swiss"]
[EventRounds "11"]
[EventCountry "AZE"]
[SourceTitle "CBM 175"]
[Source "ChessBase"]
[SourceDate "2016.11.10"]
[SourceVersion "1"]
[SourceVersionDate "2016.11.10"]
[SourceQuality "1"]
[WhiteTeam "Haiti"]
[BlackTeam "Liechtenstein"]
[WhiteTeamCountry "HAI"]
[BlackTeamCountry "LIE"]

1. d4 Nf6 2. c4 e6 3. Nc3 Bb4 4. Bd2 0-0 5. Nf3 d5 6. e3 c5 7. a3 Bxc3 8. bxc3 Nbd7 9. Be2 b6 10. 0-0 dxc4 11. Bxc4 Bb7 12. Rc1 Qe7 13. a4 a5 14. Bb5 Rad8 15. Qe2 Ne4 16. Rb1 Ndf6 17. Rfd1 Ng4 18. Be1 Ngxf2 19. Bxf2 Nxc3 20. Qe1 Nxb1 21. Rxb1 Bxf3 22. gxf3 Qg5+ 23. Kh1 cxd4 24. exd4 Rc8 25. Qe3 Qh5 26. Rg1 Rfd8 27. Qe4 Rc3 28. Qg4 Qh6 29. f4 Rc2 30. Rg2 Rc1+ 31. Rg1 Rc2 32. Rg2 1/2-1/2

[Event "Olympiad-42"]
[Site "Baku"]
[Date "2016.09.08"]
[Round "6.3"]
[White "Jelic, Dejan"]
[Black "Dempsey, John"]
[Result "1-0"]
[WhiteElo "1956"]
[BlackElo "1952"]
[PlyCount "61"]
[EventDate "2016.09.02"]
[EventType "team-swiss"]
[EventRounds "11"]
[EventCountry "AZE"]
[SourceTitle "CBM 175"]
[Source "ChessBase"]
[SourceDate "2016.11.10"]
[SourceVersion "1"]
[SourceVersionDate "2016.11.10"]
[SourceQuality "1"]
[WhiteTeam "Liechtenstein"]
[BlackTeam "US Virgin Islands"]
[WhiteTeamCountry "LIE"]
[BlackTeamCountry "ISV"]

1. d4 Nf6 2. c4 g6 3. f3 Bg7 4. e4 d6 5. Be3 0-0 6. Nc3 a6 7. Qd2 Nbd7 8. 0-0-0 c6 9. h4 b5 10. h5 Qa5 11. Kb1 Nb6 12. Bh6 b4 13. Bxg7 Kxg7 14. hxg6 fxg6 15. Qh6+ Kg8 16. e5 bxc3 17. Bd3 Bf5 18. Bxf5 gxf5 19. exf6 Rf7 20. Qg5+ Kh8 21. Qg6 Qb4 22. b3 Qa3 23. Kc2 Qxa2+ 24. Kxc3 Na4+ 25. Kd3 Qxb3+ 26. Kd2 Qc3+ 27. Ke2 Qxc4+ 28. Kf2 Rg8 29. Qxf5 e6 30. Qh5 Rg6 31. Qxg6 1-0

[Event "EU Small Countries ol 4th"]
[Site "Saint Peter Port"]
[Date "2015.04.22"]
[Round "5.3"]
[White "Van Hoolandt, Patrick"]
[Black "Jelic, Dejan"]
[Result "1-0"]
[WhiteElo "2115"]
[BlackElo "1954"]
[PlyCount "84"]
[EventDate "2015.04.19"]
[EventType "team-tourn"]
[EventRounds "9"]
[EventCountry "GCI"]
[SourceTitle "CBM 166 Extra"]
[Source "ChessBase"]
[SourceDate "2015.06.18"]
[SourceVersion "1"]
[SourceVersionDate "2015.06.18"]
[SourceQuality "1"]
[WhiteTeam "Monaco"]
[BlackTeam "Liechtenstein"]
[WhiteTeamCountry "MNC"]
[BlackTeamCountry "LIE"]

1. d4 Nf6 2. c4 e6 3. Nf3 b6 4. g3 Bb7 5. Bg2 Bb4+ 6. Bd2 Be7 7. 0-0 c5 8. Nc3 cxd4 9. Nxd4 Bxg2 10. Kxg2 Nc6 11. Bf4 Nh5 12. Bc1 Nf6 13. e4 Bc5 14. Ndb5 d6 15. b3 a6 16. Na3 h5 17. h4 Bd4 18. Qd3 Rc8 19. Bd2 Ng4 20. Nc2 Nge5 21. Qe2 Qf6 22. Rad1 Qg6 23. Be1 Bc5 24. Na4 b5 25. Nxc5 dxc5 26. f4 Qg4 27. Rf2 Qxe2 28. Rxe2 Ng4 29. Bc3 0-0 30. Red2 Nb4 31. Kf3 Nxa2 32. Bb2 bxc4 33. bxc4 Rb8 34. Ba3 Nc3 35. Re1 Nb1 36. Rd3 Nxa3 37. Rxa3 Rb2 38. Re2 Rd8 39. Ne3 Rxe2 40. Kxe2 Nxe3 41. Kxe3 Rd6 42. e5 g6 1-0

[Event "Liechtenstein op 30th"]
[Site "Triesen"]
[Date "2012.05.14"]
[Round "4"]
[White "Jelic, Dejan"]
[Black "Kelecevic, Nedeljko"]
[Result "0-1"]
[WhiteElo "1961"]
[BlackElo "2260"]
[PlyCount "86"]
[EventDate "2012.05.11"]
[EventType "swiss"]
[EventRounds "9"]
[EventCountry "LIE"]
[SourceTitle "CBM 148 Extra"]
[Source "ChessBase"]
[SourceDate "2012.06.22"]
[SourceVersion "1"]
[SourceVersionDate "2012.06.22"]
[SourceQuality "1"]

1. Nf3 c5 2. b3 d6 3. Bb2 e5 4. e4 g6 5. Bb5+ Nc6 6. Bxc6+ bxc6 7. c4 Bg7 8. 0-0 Nf6 9. Nc3 Nh5 10. Ne1 0-0 11. Ne2 Bh6 12. Ng3 Nf4 13. Ne2 Ne6 14. Bc1 f5 15. d3 Bxc1 16. Rxc1 f4 17. Kh1 g5 18. Ng1 Qf6 19. f3 Rf7 20. Rc2 h5 21. g3 Rg7 22. Rg2 Bd7 23. Ne2 Rf8 24. gxf4 exf4 25. Ng1 Rff7 26. Nc2 Nf8 27. d4 g4 28. dxc5 dxc5 29. Qa1 Qe7 30. Ne1 Ng6 31. Rd2 Qg5 32. Qd1 Ne5 33. Rg2 Qe7 34. Qd2 g3 35. Nd3 Nxd3 36. Qxd3 Rf8 37. Rd1 h4 38. h3 Bxh3 39. Nxh3 Qe6 40. Nxf4 Rxf4 41. Qd8+ Kh7 42. Rd6 Qe7 43. Qb8 Rf8 0-1

[Event "Liechtenstein op 30th"]
[Site "Triesen"]
[Date "2012.05.11"]
[Round "1"]
[White "Jelic, Dejan"]
[Black "Ovsejevitsch, Sergei"]
[Result "0-1"]
[WhiteElo "1961"]
[BlackElo "2572"]
[PlyCount "43"]
[EventDate "2012.05.11"]
[EventType "swiss"]
[EventRounds "9"]
[EventCountry "LIE"]
[SourceTitle "CBM 148 Extra"]
[Source "ChessBase"]
[SourceDate "2012.06.22"]
[SourceVersion "1"]
[SourceVersionDate "2012.06.22"]
[SourceQuality "1"]

1. f4 g6 2. Nf3 Bg7 3. g3 c5 4. Bg2 Nc6 5. c4 Nf6 6. Nc3 d5 7. cxd5 Nxd5 8. 0-0 Nc7 9. Kh1 0-0 10. b3 b6 11. Ne5 Nxe5 12. Bxa8 Nxa8 13. fxe5 Bxe5 14. Qc2 Bb7+ 15. Kg1 Qd7 16. Bb2 Bd4+ 17. Rf2 Bxf2+ 18. Kxf2 Qh3 19. Ne4 Qxh2+ 20. Ke3 Nc7 21. d3 f5 22. Qc3 0-1